000
00286nam a2200109Ia 4500
005
20251222114349.0
008
251222s1900||||xx |||||||||||||| ||spa||
082
_a
DVD0090/O21/2000
245
0
_a
El mundo del descubrimiento: "Gente indestructible"
264
_b
O'Dell, David
942
_c
DVD
999
_c
1180
_d
1180